<?xml version="1.0" encoding="UTF-8"?>
<record
    xmlns:xsi="http://www.w3.org/2001/XMLSchema-instance"
    xsi:schemaLocation="http://www.loc.gov/MARC21/slim http://www.loc.gov/standards/marcxml/schema/MARC21slim.xsd"
    xmlns="http://www.loc.gov/MARC21/slim">

  <leader>01744nam a2200289Ia 4500</leader>
  <controlfield tag="003">OSt</controlfield>
  <controlfield tag="005">20200909223132.0</controlfield>
  <controlfield tag="008">191128s2008    ck adb fr     000 0 spa d</controlfield>
  <datafield tag="020" ind1=" " ind2=" ">
    <subfield code="a">9789589438114</subfield>
  </datafield>
  <datafield tag="040" ind1=" " ind2=" ">
    <subfield code="a">CO-JMCR</subfield>
    <subfield code="c">CO-JMCR</subfield>
  </datafield>
  <datafield tag="041" ind1="0" ind2=" ">
    <subfield code="a">spa</subfield>
  </datafield>
  <datafield tag="082" ind1="0" ind2="4">
    <subfield code="a">364.152861 /</subfield>
    <subfield code="b">C718d </subfield>
    <subfield code="2">23</subfield>
  </datafield>
  <datafield tag="110" ind1="1" ind2=" ">
    <subfield code="a">Colombia.</subfield>
    <subfield code="b">Observatorio del Programa Presidencial de Derechos Humanos y DIH</subfield>
    <subfield code="9">10094</subfield>
  </datafield>
  <datafield tag="245" ind1="1" ind2="0">
    <subfield code="a">Din&#xE1;mica espacial de las muertes violentas en Colombia 1990-2005 / </subfield>
    <subfield code="c">Observatorio Programa Presidencial de los Derechos Humanos y DIH ; investigadores Camilo Echand&#xED;a y Luis Gabriel Salas</subfield>
  </datafield>
  <datafield tag="260" ind1=" " ind2=" ">
    <subfield code="a">Bogot&#xE1; : </subfield>
    <subfield code="b">Observatorio Programa Presidencial de los Derechos Humanos y DIH, </subfield>
    <subfield code="c">2008</subfield>
  </datafield>
  <datafield tag="300" ind1=" " ind2=" ">
    <subfield code="a">276 p&#xE1;ginas : </subfield>
    <subfield code="b">gr&#xE1;ficos y mapas a color ; </subfield>
    <subfield code="c">23x31 cm + 2 mapas plegables a color</subfield>
  </datafield>
  <datafield tag="500" ind1=" " ind2=" ">
    <subfield code="a">Incluye notas a pie de p&#xE1;gina.</subfield>
  </datafield>
  <datafield tag="505" ind1="0" ind2=" ">
    <subfield code="a">Geograf&#xED;a del homicidio en Colombia -- Geograf&#xED;a de la confrontaci&#xF3;n armada y las bajas producidas mutuamente entre la Fuerza P&#xFA;blica y los grupos irregulares -- Geograf&#xED;a de los asesinatos de civiles cometidos por actores organizados</subfield>
  </datafield>
  <datafield tag="520" ind1="3" ind2=" ">
    <subfield code="a">El objetivo de esta obra consiste en realizar un estudio sobre la din&#xE1;mica espacial de las muertes violentas en Colombia entre los a&#xF1;os 1990 y 2005, permitiendo identificar los momentos  en que la violencia se incrementa, as&#xED; como en otros en que se dismi</subfield>
  </datafield>
  <datafield tag="650" ind1="1" ind2="4">
    <subfield code="a">Violencia</subfield>
    <subfield code="v">estad&#xED;sticas</subfield>
    <subfield code="z">Colombia</subfield>
    <subfield code="9">10095</subfield>
  </datafield>
  <datafield tag="650" ind1="1" ind2="4">
    <subfield code="a">Derechos Humanos</subfield>
    <subfield code="v">estad&#xED;sticas</subfield>
    <subfield code="z">Colombia</subfield>
    <subfield code="9">10096</subfield>
  </datafield>
  <datafield tag="650" ind1="1" ind2="4">
    <subfield code="a">Homicidios</subfield>
    <subfield code="v">estad&#xED;sticas</subfield>
    <subfield code="z">Colombia</subfield>
    <subfield code="9">10097</subfield>
  </datafield>
  <datafield tag="650" ind1="2" ind2="4">
    <subfield code="a">Geograf&#xED;a hist&#xF3;rica</subfield>
    <subfield code="v">mapas</subfield>
    <subfield code="z">Colombia</subfield>
    <subfield code="9">10098</subfield>
  </datafield>
  <datafield tag="700" ind1="1" ind2=" ">
    <subfield code="a">Echand&#xED;a, Camilo, </subfield>
    <subfield code="e">investigador</subfield>
    <subfield code="9">10099</subfield>
  </datafield>
  <datafield tag="700" ind1="1" ind2=" ">
    <subfield code="a">Salas, Luis Gabriel, </subfield>
    <subfield code="e">investigador</subfield>
    <subfield code="9">10100</subfield>
  </datafield>
  <datafield tag="942" ind1=" " ind2=" ">
    <subfield code="2">ddc</subfield>
    <subfield code="c">BK</subfield>
  </datafield>
  <datafield tag="999" ind1=" " ind2=" ">
    <subfield code="c">4766</subfield>
    <subfield code="d">4766</subfield>
  </datafield>
  <datafield tag="952" ind1=" " ind2=" ">
    <subfield code="0">0</subfield>
    <subfield code="1">0</subfield>
    <subfield code="2">ddc</subfield>
    <subfield code="4">0</subfield>
    <subfield code="7">0</subfield>
    <subfield code="8">NFIC</subfield>
    <subfield code="a">CPL</subfield>
    <subfield code="b">CPL</subfield>
    <subfield code="d">2018-04-15</subfield>
    <subfield code="e">Donaci&#xF3;n</subfield>
    <subfield code="l">3</subfield>
    <subfield code="o">364.152861 / C718d </subfield>
    <subfield code="p">430000319</subfield>
    <subfield code="r">2024-12-03 14:24:52</subfield>
    <subfield code="s">2024-12-02</subfield>
    <subfield code="t">Ej.1</subfield>
    <subfield code="y">BK</subfield>
  </datafield>
</record>
